Qu'est-ce qu'une oeuvre architecturale /

Saved in:
Bibliographic Details
Main Author: Gaff, Hervé.
Format: Book
Language:French
Published: Paris : Vrin, 2007.
Series:Chemins philosophiques.
Subjects:
Tags: Add Tag
No Tags, Be the first to tag this record!
LEADER 00944cam a2200313Mi 4500
001 011758043-0
005 20140923170003.0
008 080114s2007 fr 000 0 fre d
020 |a 2711619508 
020 |a 9782711619504 
035 0 |a ocn191874841 
040 |a TZT  |b eng  |c TZT  |d AUXAM  |d TEF  |d OCLCQ  |d OCLCF  |d OCLCQ 
050 4 |a NA2500  |b .G34 2007 
072 7 |a B  |2 lcco 
082 1 4 |a 194  |2 1 
100 1 |a Gaff, Hervé. 
245 1 0 |a Qu'est-ce qu'une oeuvre architecturale /  |c Hervé Gaff. 
260 |a Paris :  |b Vrin,  |c 2007. 
300 |a 126 pages. 
336 |a text  |b txt  |2 rdacontent 
337 |a unmediated  |b n  |2 rdamedia 
338 |a volume  |b nc  |2 rdacarrier 
490 1 |a Chemins philosophiques,  |x 1762-7184 
650 0 |a Architecture  |x Philosophy. 
650 7 |a Architecture  |x Philosophy.  |2 fast  |0 (OCoLC)fst00813497 
653 |a Philosophy  |a Architecture 
830 0 |a Chemins philosophiques.  |x 1762-7184 
988 |a 20081202 
906 |0 OCLC